Statistics for Bordering Countries by Flag #9

Click here to take the quiz!

General Stats

  • This quiz has been taken 83 times
  • The average score is 9 of 9

Answer Stats

Country% Correct
Angola
100%
Republic of the Congo
97%
Zambia
97%
Central African Republic
96%
Rwanda
96%
Uganda
95%
Tanzania
93%
Burundi
92%
South Sudan
89%

Score Distribution

Percentile by Number Answered

Percent of People with Each Score

Your Score History

You have not taken this quiz